European Travellers Under the Mughals (Record no. 8455)

MARC details
000 -LEADER
fixed length control field 00660nam a2200253 a 4500
020 ## - INTERNATIONAL STANDARD BOOK NUMBER
ISBN
082 00 - DEWEY DECIMAL CLASSIFICATION NUMBER
Classification number 915.092
Author Cutter ANS
100 ## - MAIN ENTRY--AUTHOR NAME
Author name Ansari, Mohammad Azhar
245 ## - TITLE STATEMENT
Title European Travellers Under the Mughals
260 ## - PUBLICATION, DISTRIBUTION, ETC. (IMPRINT)
Place of publication Delhi
Name of publisher Idarah-I Adabiyat-I Delli
Year of publication 1975
300 ## - PHYSICAL DESCRIPTION
Number of Pages 152p
500 ## - GENERAL NOTE
General note includes index and biblioraphy
505 2# - FORMATTED CONTENTS NOTE
Formatted contents note Index
650 ## - SUBJECT ADDED ENTRY--TOPICAL TERM
Topical Term India-Biography Travellers
650 ## - SUBJECT ADDED ENTRY--TOPICAL TERM
Topical Term India-Description and Travel
942 ## - ADDED ENTRY ELEMENTS (KOHA)
Koha item type Books
700 1# -
-- Ansari, Mohammad Azhar
Holdings
Collection code Home library Current library Date acquired Cost, normal purchase price Full call number Accession Number Koha item type
  Henry Martyn Institute Library Henry Martyn Institute Library 12/09/2011 30.00 915.092 ANS 012423 Books
                   Copyright © 2026 | Henry Martyn Institute | Hyderabad | TS-500052 | INDIA | Implemented by hmi.edu.in
Hit-Count:

Powered by Koha